Govt. of
Madhya Pradesh

Let us Learn Correct English आओ शुद्ध अंग्रेजी सीखें (Record no. 68412)

MARC details
000 -LEADER
fixed length control field 00400nam a22001097a 4500
082 ## - DEWEY DECIMAL CLASSIFICATION NUMBER
Classification number 741.642
100 ## - MAIN ENTRY--AUTHOR NAME
Personal name सविता शेखर
245 ## - TITLE STATEMENT
Title Let us Learn Correct English आओ शुद्ध अंग्रेजी सीखें
260 ## - PUBLICATION, DISTRIBUTION, ETC. (IMPRINT)
Place of publication दिल्‍ली
Name of publisher तेजस बुक डिपो
Year of publication 2016
650 ## - SUBJECT ADDED ENTRY--TOPICAL TERM
Topical Term चिल्‍ड्रन बुक
942 ## - ADDED ENTRY ELEMENTS (KOHA)
Koha item type Hindi Books
Holdings
Withdrawn status Lost status Damaged status Not for loan Home library Current library Date acquired Cost, normal purchase price Full call number Accession Number Price effective from Koha item type
        MACL MACL 08/11/2025 395.00 741.642 CRH001916 08/11/2025 Hindi Books